| 000 | 00000nam##2200000za#4500 |
| 001 | 9.568902 |
| 003 | CaOODSP |
| 005 | 20240209132405 |
| 007 | cr ||||||||||| |
| 008 | 150406|2001||||xxc|||||o f|0| 0 eng|d |
| 040 | |aCaOODSP|beng |
| 043 | |an-cn--- |
| 086 | 1 |aC89-4/85-4-2001E-PDF |
| 110 | 2 |aAtlantic Canada Opportunities Agency. |
| 245 | 10|aTowards greater value : |h[electronic resource]|benhancing Eastern Canada's seafood industry / |c[by] Maurice Beaudin; published by the Canadian Institute for Research on Regional Development. |
| 260 | |aMoncton - New Brunswick : |bAtlantic Canada Opportunities Agency |cc2001. |
| 300 | |a280p.|bfig., graphs, tables |
| 490 | 1 |aMaritime series. Monographs |
| 504 | |aBibliography. |
| 590 | |a10-15-Supp|b2010-12-10 |
| 720 | 1 |aBeaudin, Maurice |
| 775 | 08|tLa valorisation des produits de la mer dans l'Est canadien / |w(CaOODSP)9.600163 |
| 830 | #0|aMaritime series. Monographs.|w(CaOODSP)9.504418 |
| 856 | 40|ahttp://publications.gc.ca|qPDF|s3 MB|uhttps://publications.gc.ca/collections/collection_2010/apeca-acoa/C89-4-85-4-2001-eng.pdf |